000 00607nam a22002297a 4500
001 31231
003 UA-OsUOA
005 20220702122929.0
007 ta
008 20041207b un ||||| |||| 00| 0 ukr d
040 _aUA-OsUOA
_brus
_cUA-OsUOA
_dUA-OsUOA
041 _arus
044 _aRU
080 _a82.09(470+571)
090 _a82.09(470+571)
_bП91
245 _aПушкин-критик
_cсост. Н. В. Богословского
260 _aМосква
_bХудожественная литература
_c1950
300 _a758 с.
650 7 _2UDC
942 _cBK
_2udc
955 _a0
999 _c317653
_d317653